| 000 | 00840nam a2200229Ia 4500 | ||
|---|---|---|---|
| 003 | GCL | ||
| 008 | 140319s9999 xx 000 0 ara d | ||
| 020 | _a0283227977 | ||
| 040 |
_aGCL / _cGCL |
||
| 082 | 0 | 4 |
_aق _b962.1 _bا م |
| 100 | 1 | _aاحمد السيد عليبة | |
| 245 | 1 | 0 |
_aمحافظة البحيرة / _cاحمد السيد عليبة |
| 260 |
_aالقاهرة : _bمركز الدراسات السياسية والاستراتيجية - الأهرام ، _c2005 |
||
| 300 |
_a128 ص ؛ _c19 سم |
||
| 490 |
_aسلسلة المحافظات المصرية _v0 |
||
| 650 | 0 | 4 | _aمصر - محافظات |
| 650 | 0 | 4 | _aالبحيرة - تاريخ |
| 650 | 0 | 4 | _aالبحيرة - التنمية البشرية |
| 650 | 0 | 4 | _aالبحيرة، محافظة |
| 650 | 0 | 4 | _aمصر - التنمية البشرية |
| 942 |
_2ddc _cBK |
||
| 999 |
_c9246 _d9246 |
||